000 00200 a2200097 4500
001 8298
100 _aLochnex, L P
245 _aThe goebbels diaries
260 _a
_bHamilton
_c
090 _c6677
_d6677
942 _aNUST-CAE
_cM
_c33241
999 _c243371
_d243371